Can you name all fourteen neighbourhoods of Crawley? - Statistics

General Stats
  • This quiz has been taken 75 times
  • The average score is 8 of 14
Answer Stats
Answer % Correct
Three Bridges
81%
Bewbush
76%
Ifield
71%
Pound Hill
67%
Southgate
67%
Maidenbower
62%
Tilgate
62%
Broadfield
60%
Northgate
57%
Furnace Green
55%
West Green
52%
Gossops Green
50%
Langley Green
50%
Forge Wood
38%
No matching quizzes found
Score Distribution
Percent of People with Each Score
Percentile by Number Answered
Your Score History
You have not taken this quiz